| 000 | 01351 a2200217 4500 | ||
|---|---|---|---|
| 001 | 23265 | ||
| 005 | 20260407155521.0 | ||
| 008 | 260407a1978 arg spa d | ||
| 003 | AR-UNSa-BCEJYS | ||
| 040 |
_aAR-UNSa-BCEJYS _bspa _cAR-UNSa-BCEJYS |
||
| 080 |
_a657.372.2 _xEvaluación (revaluo) |
||
| 245 | 1 | 0 | _aRevaluo contable (Ley 19742) |
| 264 | 1 |
_aBuenos Aires : _bEdiciones Contabilidad Moderna _c1978 |
|
| 300 |
_a287 p. _c22 cm. |
||
| 505 | _aPrimera Parte : Introducción : 1. Origenes de la actualización contable - 2. Contenido de la ley Nº 19.742 - Segunda Parte : El Regimen de la ley Nº 19.742 : 3. Activos y pasivos en moneda extranjera - 4. Titulos, valores publicos - 5. Acciones provenientes de la capitalización de saldos por actualización contable - 6. Procedimiento general de actualización de activos - 7. Calculo de la acualización contable - 8. Procedimientos particulares de actualización - 9. Saldos por actualización contable - 10. Capital social y saldos por actualización - Tercera Parte : Aspectos Particulares : 11. Exposición, información y control de la información - 12. Aspectos generales - 13. Entes no comprendidos en el regimén de la ley Nº 19.742. | ||
| 942 | _cBK | ||
| 590 | _aniveau_biblio:m niveau_hierar:0 | ||
| 100 | 1 | _aGarcía, Sergio O. | |
| 650 | _aLey 19.742 | ||
| 650 | _a ley 19 742 | ||
| 999 |
_c1099 _d1099 |
||